000 00505nam a22001937a 4500
003 0
005 20230925092648.0
008 230925b xxu||||| |||| 00| 0 eng d
020 _a978-1-909489-40-0
050 _aPZ 7
_b .D37 2013
100 _a Dashner, James
245 _aThe maze runner
_cJames Dashner
260 _aUnited Kingdom
_bChicken House
_cc2013.
300 _a371 pages ;
_c20cm.
440 _aThe maze runner series
500 _aFiction.
650 _aFiction.
942 _2lcc
_cBK
999 _c365375
_d365375